000 00629nam a2200253Ia 4500
003 OSt
005 20221005122605.0
006 a|||||r|||| 00| 0
007 ta
008 221004b |||||||| |||| 00| 0 eng d
024 _a43701
037 _cTextual
040 _aCRL
_cCRL
_beng
041 _2eng
_aeng
082 _aO15:1D40:9, K4
100 _aBhave S S
245 0 _aKalidasa
_b The national poet of India
250 _a2nd
260 _c1964
650 _a ENGLISH LITERATURE
650 _aSANSKRIT LITERATURE
942 _hO15:1D40:9, K4
_cTEXL
_2cc
999 _c1044741
_d1044741